000 01384nam a22004217a 4500
003 CHAP
005 20220329134217.0
008 971013s1992 r 00010 d
010 _a17022
011 _a17994
035 _a22078
040 _cCHAP
082 _a574
_bW35Y 1986 v.3
100 0 0 _aWallace, Robert Ardell.
_9120920
245 _aPlantas y animales
260 _aMéxico, D.F. :
_bTrillas,
_c1992
300 _a581 p.
_b: ilus.
490 _aLa ciencia de la vida
_v; 3
500 _aTrad. de la 2 ed. en inglés de 1986
590 _aBATCH-UPD
_b10
_c20130110
_lUCH01
_h0004
590 _aBATCH-UPD
_b10
_c20130110
_lUCH01
_h1130
590 _aBATCH-UPD
_b10
_c20130410
_lUCH01
_h0719
590 _aBATCH-UPD
_b10
_c20130914
_lUCH01
_h0632
590 _aCONVERSION
_b10
_c20130109
_lUCH01
_h1311
650 1 4 _aBiología.
_912773
650 1 4 _aBotánica.
_914477
650 1 4 _aCiencias naturales.
_923181
650 1 4 _aEvolución.
_939007
650 1 4 _aInvertebrados.
_960203
650 1 4 _aVertebrados.
_9118965
700 0 _aKing, Jack L.
_963276
700 0 _aSanders, Gerald P.
_9102032
830 0 _aLa ciencia de la vida
_v; 3
_964198
901 _aBK
942 _cLIBRO
949 _a574 W35Y 1986 v.3
_bBC
_cLIBRO
_d33724000583365
_eLIBRO
_fc.2
_h85237
_i22078
_so
_t200.00
949 _a574 W35Y 1986 v.3
_bBC
_cLIBRO
_d33724000826434
_eLIBRO
_h85236
_i22078
_si
_t200.00
999 _c17022
_d17022